Biblioteca ESET

El mejor amigo de la ciencia : | Historias con perros y científicos (Registro nro. 149)

Detalles MARC
000 -CABECERA
fixed length control field 00937nam#a22002895a#4500
003 - CONTROL NUMBER IDENTIFIER
control field AR-BeUNQ
005 - FECHA Y HORA DE LA ULTIMA TRANSACCION
control field 20240429175052.0
008 - ELEMENTOS DE LONGITUD FIJA-INFORMACION GENERAL
fixed length control field 051020s2004####ag#######b####001#0#spa#d
020 ## - NUMERO INTERNACIONAL NORMALIZADO PARA LIBROS
Número Internacional Normalizado del libro 9871105908
040 ## - FUENTE DE CATALOGACION
Agencia de catalogación original AR-BeUNQ
Idioma de catalogación ESPAÑOL
Convenciones de la descripción aacr
Agencia que realiza la transcripción AR-BeUNQ
082 04 - NUMERO DE CLASIFICACION DECIMAL DEWEYMBER
Número de clasificación 508
Número de la edición 21
099 ## - LOCAL FREE-TEXT CALL NUMBER (OCLC)
Classification number 24-D26
100 1# - ASIENTO PRINCIPAL-NOMBRE PERSONAL
Nombre personal De Ambrosio, Martín
245 03 - MENCION DE TITULO
Título El mejor amigo de la ciencia :
Otra información sobre el título Historias con perros y científicos
Mención de responsabilidad, etc Martín De Ambrosio.
250 ## - MENCION DE EDICION
Mención de edición 1a. ed.
260 ## - PUBLICACION, DISTRIBUCION, ETC.
Lugar de publicación, distribución, etc. Buenos Aires :
Nombre del editor, distribuidor, etc. Siglo XXI Editores Argentina :
Fecha de publicación, distribución, etc c2004.
300 ## - DESCRIPCION FISICA
Extensión 110 p. ;
Dimensiones 19 cm.
490 0# - MENCION DE SERIE
Mención de serie "Ciencia que ladra..."
500 ## - NOTA GENERAL
Nota general Incluye referencias e índice.
504 ## - NOTA DE BIBLIOGRAFIA, ETC.
Nota de bibliografía, etc. Bibliografía: p. 103-110.
650 #7 - ASIENTO SECUNDARIO DE MATERIA - TERMINO TEMATICO
Término temático o nombre geográfico como elemento de entrada Historia de la ciencia
Fuente del encabezamiento o términ Spines
650 #7 - ASIENTO SECUNDARIO DE MATERIA - TERMINO TEMATICO
Término temático o nombre geográfico como elemento de entrada Científicos
Fuente del encabezamiento o términ Spines
650 #7 - ASIENTO SECUNDARIO DE MATERIA - TERMINO TEMATICO
Término temático o nombre geográfico como elemento de entrada Divulgación científica
Fuente del encabezamiento o términ Spines
650 #7 - ASIENTO SECUNDARIO DE MATERIA - TERMINO TEMATICO
Término temático o nombre geográfico como elemento de entrada Animales domésticos
Fuente del encabezamiento o términ Spines
929 ## - DATOS DE ADQUISICION
Procedencia DONACION
Proveedor UNQ
Precio 0
Fecha de recibido 20180223
Número de inventario 56582
Patrimonio UNQ PAT0081439
942 ## - ELEMENTOS DE PUNTO DE ACCESO ADICIONAL (KOHA)
Tipo de ítem Koha Libros
Suppress in OPAC 0
Existencias
Estado de retiro Estado de pérdida Ubicación permanente Ubicación actual Ubicación en estantería Fecha de ingreso Total Checkouts Signatura topográfica completa Inventario Date last seen Número de copia Tipo de ítem Koha Operador
    Biblioteca ESET - UNQ Biblioteca ESET - UNQ SALA 28/02/2018   508/DEA 56582 28/02/2018 1 Libros Gladys Alarcon

ESET UNQ

☏ 4365-7188
 Avenida República de Francia 1714 entre Doctor Kenny y Concordia, Ezpeleta, Bs As.
✉ secretaria_eset@unq.edu.ar

Con tecnología Koha